| 000 | nam a22 7a 4500 | ||
|---|---|---|---|
| 999 |
_c27049 _d27048 |
||
| 003 | OSt | ||
| 005 | 20170518104412.0 | ||
| 008 | 170424b xxu||||| |||| 00| 0 eng d | ||
| 020 | _a0136632467 | ||
| 040 |
_aMMU _beng. _cMMU _dMMU |
||
| 050 | _aQC21.2.F57 1993 | ||
| 100 | _aFishban Paul M. | ||
| 245 |
_aPhysics for the scientist and the engineers: _cPaul M. Fishbane...[et al.]. _bextended version vol. 1/ |
||
| 260 |
_aNew Jersey: _bPrentice Hall, _c1993. |
||
| 300 | _axvi,645p.; | ||
| 650 | _aPhysics. | ||
| 942 |
_2lcc _cLOAN LOAN |
||